Prežili, ale ešte nevyhrali

Oživenie textilného a odevného priemyslu na Slovensku. Prehľad údajov o textilnom a odevnom priemysle. Zahraniční investori a textilný priemysel.

Na minha lista:
Detalhes bibliográficos
Autor principal: Lipianska, Ľudmila
Formato: Capítulo de Livro
Idioma:eslovaco
Assuntos:
Tags: Adicionar Tag
Sem tags, seja o primeiro a adicionar uma tag!

MARC

LEADER 00000naa a2200000 4500
001 r043387
005 20230920073539.2
041 0 |a slo 
044 |a SK 
245 1 0 |a Prežili, ale ešte nevyhrali  |c Ľudmila Lipianska 
520 |a Oživenie textilného a odevného priemyslu na Slovensku. Prehľad údajov o textilnom a odevnom priemysle. Zahraniční investori a textilný priemysel. 
610 2 0 |a priemysel odevný 
610 2 0 |a priemysel textilný 
610 2 0 |a Slovensko 
610 2 0 |a mzdy minimálne 
610 2 0 |a mzdy priemerné 
610 2 0 |a konkurencia 
610 2 0 |a sila kúpna obyvateľstva 
610 2 0 |a sily pracovné 
100 1 |a Lipianska, Ľudmila